000 00900nam a22002531i 4500
001 13347
003 ES-MaACL
005 20230906150542.0
007 t|
008 900725s1977 sp r ||||0| spa j
016 7 _zIND9100149796
020 _a84-338-00582
040 _aM-BN
_bspa
_cA2
080 _a378.4(468.15 G.)"1971/..."
245 0 3 _aLa Universidad de Granada a comienzos de los años 70
_b: un análisis sociopolítico /
_c[Director del estudio José Cazorla Pérez].
260 _aGranada :
_bUniversidad, Departamento de Derecho Político,
_c1977.
300 _a338 p., 64 h. 2 h. pleg., 8 h. con plan. pleg :
_bil., gráf ;
_c25 cm.
500 _aReferencias bibliográficas.
500 _aIndice.
610 2 _aUniversidad de Granada.
_97176
700 1 _aCazorla Pérez, José.
_937253
710 2 _aUniversidad de Granada.
_97176
852 _aES-MaACL
_jL-20694
_bR.123642
999 _c13347
_d13347